banner koha

Polirradiculoneuropatia periférica desmielinizante associada ao uso de carbamazepina em cão: relato de caso (Registro n. 327962)

MARC details
000 -LÍDER
fixed length control field 03114nab a2200301 i 4500
003 - CÓDIGO MARC DA AGÊNCIA CATALOGADORA
Campo de controle BR-BrBNA
005 - DATA E HORA DA ÚLTIMA ATUALIZAÇÃO
Campo de controle 20241007101850.0
008 - CAMPO DE TAMANHO FIXO
fixed length control field 241007b2018 bl.|r|pooa||| 00| 0 por |
040 ## - FONTE DA CATALOGAÇÃO
Agência catalogadora BR-BrBNA
Idioma da catalogação por
072 ## - CATEGORIA AGRIS
Código AGRIS L73
Código do objeto 5400
072 ## - CATEGORIA AGRIS
Código AGRIS L70
100 ## - ENTRADA PRINCIPAL - NOME PESSOAL
Nome pessoal Caramalac, S.M.
100 ## - ENTRADA PRINCIPAL - NOME PESSOAL
Nome pessoal Fernandes, T.D.
100 ## - ENTRADA PRINCIPAL - NOME PESSOAL
Nome pessoal Palumbo, M.I.P.
245 ## - TÍTULO PRINCIPAL
Título principal Polirradiculoneuropatia periférica desmielinizante associada ao uso de carbamazepina em cão: relato de caso
500 ## - NOTA GERAL
Nota geral Publicação online; 14 ref.; Summaries (En, Pt)
942 ## - ADDED ENTRY ELEMENTS (KOHA)
Koha item type Analítica
520 ## - NOTA DE RESUMO
Nota de conteúdo <br/><br/>RESUMO - Diversos fármacos são utilizados no tratamento da epilepsia e, assim como outros medicamentos, podem induzir a ocorrência de efeitos adversos, alguns tão graves que geram a necessidade de descontinuidade e substituição da terapia. A carbamazepina pode levar a alterações nos sistemas cardiovascular, respiratório e neurológico, sendo descritos na literatura casos de indução de miastenia gravis como distúrbio neuromuscular. Este estudo relata o caso de um cão que desenvolveu polirradiculoneuropatia desmielinizante, tendo como provável desencadeante a terapia com carbamazepina. O paciente apresentou tetraplegia, ausência de reflexos espinhais nos quatro membros, fraqueza cervical, diminuição do reflexo palpebral bilateral e esforço respiratório. A eletroneuromiografia demonstrou sinais de desmielinização. Este, portanto, é o primeiro relato de associação entre carbamazepina e polirradiculoneuropatia desmielinizante em cão.<br/><br/><br/>Palavras-chave: eletroneuromiografia, epilepsia, fármacos, polirradiculoneuropatia
520 ## - NOTA DE RESUMO
Nota de conteúdo <br/><br/>ABSTRACT - Different drugs are used in the treatment of epilepsy and, like other drugs, may induce the occurrence of adverse effects, some of them so severe that the drug must be discontinued and replaced. Carbamazepine may lead to changes in the cardiovascular, respiratory, and neurological systems, and cases of induction of myasthenia gravis as a neuromuscular disorder have been described in the literature. This paper reports the case of a dog that developed demyelinating polyradiculoneuropathy, probably triggered by carbamazepine. The patient presented tetraplegia, absence of spinal reflexes in the four limbs, cervical weakness, decreased bilateral eyelid reflex and respiratory effort. Electroneuromyography showed signs of demyelination. This, therefore, is the first report of association between carbamazepine and demyelinating polyradiculoneuropathy in dogs.<br/><br/><br/>Keywords: electroneuromyography, epilepsy, drugs, polyradiculoneuropathy
650 ## - ASSUNTO - THESAGRO
Cabeçalho tópico ou nome geográfico CÃO
650 ## - ASSUNTO - THESAGRO
Cabeçalho tópico ou nome geográfico EPILEPSIA
650 ## - ASSUNTO - THESAGRO
Cabeçalho tópico ou nome geográfico SISTEMA NERVOSO
650 ## - ASSUNTO - THESAGRO
Cabeçalho tópico ou nome geográfico MEDICAMENTO
650 ## - ASSUNTO - THESAGRO
Cabeçalho tópico ou nome geográfico DISTÚRBIO ANIMAL
773 0# - ENTRADA ANALÍTICA
Host Biblionumber 1643
Registro do item 344976
Imprenta Belo Horizonte-MG Universidade Federal de Minas Gerais - Escola de Veterinaria 1983
Outro identificador 2024-5389
Título Arquivo Brasileiro de Medicina Veterinária e Zootecnia (Brazil)
ISSN 0102-0935
Colação v. 70(6) p. 1754-1758; (2018)
Número de controle de registro BR2024002795
856 ## - ACESSO E ENDEREÇO ELETRÔNICO
Identificador uniforme de recurso - URI https://www.scielo.br/j/abmvz/a/stTWGgYfphT4mrYrPH4YyLN/?format=pdf&lang=pt

Nenhum exemplar disponível.

BINAGRI

Telefone: (61)3218-2567/2388/3357/2097 - binagri@agro.gov.br

Ministério da Agricultura e Pecuária , Esplanada dos Ministérios, Bloco D, Anexo B, Brasília/DF, CEP: 70.043-900